000 01459nam a2200361 a 4500
001 000111797
003 CHAP
005 20220329144229.0
008 150817s2015 mx a |sm |||||||spa d
010 _a108258
011 _a109230
040 _cCHAP
090 _aTesis
100 1 _aHernández Posada, Laura Yulet
_9129753
245 1 0 _aGeneración de información hidroclimatológia y diagnostico de la problemática del agua en el municipio de Juan N. Méndez, Puebla.
_h[En línea]
_cpor Laura Yulet Hernández Posadas y Melissa Edith Hidalgo Sánchez.
260 _aChapingo, Méx. :
_bEl autor,
_c2015.
500 _aPara ver el contenido del material haga clic en la liga
502 _aTesis (Ing. en Recursos Naturales Renovables) -- UACH. Departamento de Suelos
590 _aBATCH-UPD
_b05
_c20150817
_lUCH01
_h1152
590 _aE11695DGD
_b10
_c20150819
_lUCH01
_h1602
590 _aE5652GLJ
_b05
_c20150817
_lUCH01
_h1121
590 _aE5652GLJ
_b05
_c20150817
_lUCH01
_h1151
650 1 4 _aAgua
_xAprovechamiento
_xPuebla.
_92300
650 1 4 _aBalance hídrico
_zPuebla.
_9125575
650 1 4 _aKrigeaje.
_9129761
650 1 4 _aPrecipitación (Meteorología)
_xMétodos estadísticos.
_9129760
650 1 4 _aPrecipitación (Meteorología)
_xPuebla.
_991355
700 1 _aHidalgo Sánchez, Melissa Edith
_9129754
856 _aFinding aid
_uhttp://10.13.5.2/tesis/sist111797.pdf
_zTeclea aquí
901 _aBK
942 _cTESIS
942 _n0
999 _c108258
_d108258